000 00565nam a22001817a 4500
003 UA-OsUOA
001 9053
007 ta
008 20040920b un ||||| |||| 00| 0 ukr d
100 _aХодзінський К.
942 _cSA
040 _aUA-OsUOA
_cUA-OsUOA
_dUA-OsUOA
245 _aСучасний стан праці в Україні та проблеми її інтенсивності
300 _aС.57-62
955 _a0
773 0 _w0
_tЕкономіка України
_dКиїв
_d2004
_g№8
650 7 _aЕкономічна теорія
_2UDC
999 _c295214
_d295214